000 00865aam a2200289 4500
005 20161114145237.0
008 150605b xxu||||| |||| 00| 0 spa d
041 _aEspañol
082 _a617.695 C823z
100 _aPiconi,Corrado
_923574
100 _aRimondini, Lia
_923575
100 _aCerroni,Loredana
_923576
245 _aEl Zirconio en Odontología
260 _aVenezuela
_bAMOLCA
_c2011
300 _a222 páginas
650 _aMATERIALES DENTALES
_93183
650 _aZIRCONIO
_93156
650 _aBIOMATERIALES CERAMICOS
_923577
650 _aPROPIEDADES DE ZIRCONIO
_923578
650 _aMEDIDA DE LAS PROPIEDADES
_923579
650 _aMATERIALES CERÁMICOS
_91187
650 _aBIOCOMPATILIDAD
_923580
650 _aODONTOLOGÍA PROTASICO
_923581
650 _aIMPLANTES DENTALES
_931476
650 _aESTÉTICA DENTAL
_93845
942 _cBK
999 _c2679
_d2679